000
00285nam a22001337a 4500
008
171010b xxu||||| |||| 00| 0 eng d
020
_a
2900495602742
041
_a
eng
080
_a
316
100
_a
50
101
_a
SOC
245
_a
SEXUALITY NOW
_c
CARROLL.J.L
942
_2
udc
_c
BK
999
_c
32970
_d
32970